Statistics for Kviz o Jadranu

Click here to take the quiz!

General Stats

  • This quiz has been taken 71 times
    (69 since last reset)
  • The average score is 16 of 25

Answer Stats

Odgovor% Correct
Crna Gora
95%
Italija
95%
Slovenija
95%
Hrvatska
87%
Površinom najveći otok.Cres | Krk
85%
Države na obali Jadranskog moraAlbanija
85%
Najveći poluotok na Jadranskome moru.Istra
85%
Jadransko more je ogranak ovog mora.{Sredozemno} more
84%
Bosna i Hercegovina
84%
Grad s očuvanim rimskim amfiteatrom.Pula
82%
Grad poznat po kanalima i gondolama.Venecija
76%
Jak i hladan vjetar poznat po orkanskim udarima.Bura
73%
Jedino bosansko-hercegovačko naselje na obali Jadrana.Neum
71%
Najdulja rijeka koja se ulijeva u Jadran.Po
56%
Nekadašnje slavne "pomorske" republike na Jadranu.{Dubrovačka} Republika
53%
{Mletačka} Republika
53%
Najveći grad na obali Jadrana po broju stanovnikaBari
50%
Planinski lanac koji se pruža uz istočnu obalu Jadrana.Dinaridi
50%
Kritično ugrožena vrsta iz porodice tuljana koje nastanjuje i Jadran.Sredozemna {medvjedica}
50%
Najprometnija teretna luka na Jadranu.Trst
47%
Zaljev koji je dio graničnog spora između Hrvatske i SlovenijeSavudrijska vala
47%
Jadransko more dobilo je naziv po ovome talijanskome gradu.Adria
45%
Duboki i razgranati zaljev u Crnoj Gori.Boka Kotorska
34%
Prolaz koji koji dijeli Jadran od ostatka Sredozemlja.{Otrantska} vrata
31%
Najveći otočni grad na Jadranu po broju stanovnika.Mali Lošinj
15%

Score Distribution

Percentile by Number Answered

Percent of People with Each Score

Your Score History

You have not taken this quiz since the last reset